| 000 | 00620nam a2200181Ia 4500 | ||
|---|---|---|---|
| 003 | LDD | ||
| 008 | 190117s9999 xx 000 0 und d | ||
| 020 |
_a9789381923955 _c₹235 |
||
| 040 | _cLDD | ||
| 041 | _ahi | ||
| 082 | _a8H1.71 न6801ब | ||
| 100 | _aनवाज़, निदा | ||
| 245 | 0 |
_aबर्फ और आग _cनिदा नवाज़ |
|
| 260 |
_aगाज़ियाबाद | _bअंतिका प्रकाशन _c2015 |
||
| 300 | _a112p. 9 | ||
| 904 | _aReqst by : Jitendra Kumar Srivastava | ||
| 942 |
_2ddc _cH |
||
| 999 |
_c162083 _d162083 |
||